000 00324nam a2200133Ia 4500
008 230818s2004 xx 000 0 und d
041 _aeng
100 _aLukose
245 _aTen Steps to Become an Air Hostess
260 _bVijay Lukose Pub.
_c2004
300 _a94p
520 _aGeneral
999 _c851855
_d851855
650 _aHotel Housekeeping